Catálogo

Vista normal Vista MARC

Entrada Personal Name

Número de registros utilizados en: 2

001 - CONTROL NUMBER

  • control field: 11116

003 - CONTROL NUMBER IDENTIFIER

  • control field: DLC

005 - DATE AND TIME OF LATEST TRANSACTION

  • control field: 20201015162546.0

008 - FIXED-LENGTH DATA ELEMENTS

  • fixed length control field: 020308n| azannaabn |a aaa c

010 ## - LIBRARY OF CONGRESS CONTROL NUMBER

  • LC control number: no2002019762

035 ## - SYSTEM CONTROL NUMBER

  • System control number: (OCoLC)oca05707694

040 ## - CATALOGING SOURCE

  • Original cataloging agency: OO
  • Language of cataloging: spa
  • Description conventions: rda
  • Transcribing agency: Mx-PuUPA
  • Modifying agency: UPB
  • Modifying agency: Mx-PuUPA

100 1# - HEADING--PERSONAL NAME

  • Personal name: Botey, Mariana,

371 ## - ADDRESS

  • Electronic mail address: mwardwell@ucsd.edu

373 ## - ASSOCIATED GROUP

  • Associated group: Universidad Nacional Autónoma de México. Museo Universitario Arte Contemporáneo
  • Source of term: naf

373 ## - ASSOCIATED GROUP

  • Associated group: Universidad de California, San Diego
  • Source of term: naf

373 ## - ASSOCIATED GROUP

  • Associated group: University of California, Irvine. Visual Studies Program
  • Source of term: naf

374 ## - OCCUPATION

  • Occupation: Directora del museo
  • Occupation: Profesora universitaria
  • Source of term: lcsh

375 ## - GENDER

  • Gender: mujer
  • Source of term: lcdgt

377 ## - ASSOCIATED LANGUAGE

  • Language code: spa

400 1# - SEE FROM TRACING--PERSONAL NAME

  • Personal name: Wardwell, Mariana R.
  • Fuller form of name: (Mariana Razo)

400 1# - SEE FROM TRACING--PERSONAL NAME

  • Personal name: Wardwell, Mariana Razo

400 1# - SEE FROM TRACING--PERSONAL NAME

  • Personal name: Razo Wardwell, Mariana

670 ## - SOURCE DATA FOUND

  • Source citation: Capitalart, 2001:
  • Information found: t.p. (Mariana Botey)

670 ## - SOURCE DATA FOUND

  • Source citation: Zonas de disturbio, 2014:
  • Information found: title page (Mariana Botey)

670 ## - SOURCE DATA FOUND

  • Source citation: UC San Diego, via WWW, September 13, 2017
  • Information found: (Mariana R. Wardwell (aka Botey), Mariana Wardwell, Mariana Razo Wardwell; associate professor at UC San Diego; Ph. D. from the Visual Studies Department at the University of California, Irvine; currently the academic director for the interdisciplinary graduate seminar Zonas de Disturbio at the Museo Universitario Arte Contemporáneo (MUAC) in Mexico City; mwardwell@ucsd.edu)
  • Uniform Resource Identifier: http://visarts.ucsd.edu/faculty/mariana-wardwell